000 00391pam a2200157a 44500
008 230515b2006 xxu||||| |||| 00| 0 eng d
020 _aNULL
041 _aENGLISH
082 _a610.73
100 _aSCOTT H PLANTZ DWIGHT COLLMAN
245 _aEMERGENCY MEDICINE WRITTEN BOARD REVIEW
250 _a0
260 _a
_bMC GRAWS HILL BOOKS COMPANY
_c2006
300 _a459
650 _aNULL
999 _c525976
_d525976